Las alas de la soledad (Registro nro. 35566)
[ vista simple ]
| 000 -CABECERA | |
|---|---|
| Longitud fija campo de control | 00882 am a2200253 a 4500 |
| 003 - • IDENTIFICADOR DELl NÚMERO DE CONTROL | |
| Identificador del número de control | CO-ViMGA |
| 005 - • FECHA Y HORA DE LA ÚLTIMA TRANSACCIÓN | |
| Fecha y hora de la última transacción | 20230915233135.0 |
| 008 - • CÓDIGOS DE INFORMACIÓN DE LONGITUD FIJA | |
| Códigos de información de longitud fija | 150625s2015 ck gr 000 f spa |
| 020 ## - • NÚMERO INTERNACIONAL NORMALIZADO PARA LIBROS | |
| Número Internacional Normalizado para Libros (ISBN) | 9789587766530 |
| 040 ## - FUENTE DE LA CATALOGACIÓN | |
| Centro catalogador de origen | CO-ViMGA |
| Lengua de catalogación | spa |
| Centro transcriptor | CO-ViMGA |
| 100 10 - • PUNTO DE ACCESO PRINCIPAL-NOMBRE DE PERSONA | |
| Nombre de persona | Maldonado, Lucrecia |
| Fechas asociadas al nombre | 1962- |
| 245 14 - • TITULO PROPIAMENTE DICHO | |
| Título | Las alas de la soledad |
| Mención de responsabilidad, etc. | Lucrecia Maldonado |
| 250 ## - • MENCIÓN DE EDICIÓN | |
| Mención de edición | Edicion especial para El Ministerio de Cultura, Biblioteca Nacional de Colombia |
| 300 ## - • DESCRIPCIÓN FÍSICA | |
| Extensión | 140 pg̀inas |
| Dimensiones | 21 cm |
| 490 0# - • MENCIÓN DE SERIE | |
| Mención de serie | Zona libre |
| 650 14 - • PUNTO DE ACCESO ADICIONAL DE MATERIA - TÉRMINO DE MATERIA | |
| Término de materia o nombre geográfico como elemento inicial | Adolescentes en la literatura |
| Fuente del encabezamiento o término | LEMB |
| 650 14 - • PUNTO DE ACCESO ADICIONAL DE MATERIA - TÉRMINO DE MATERIA | |
| Término de materia o nombre geográfico como elemento inicial | Autores ecuatoriana |
| Subdivisión cronológica | Siglo XX |
| Fuente del encabezamiento o término | LEMB |
| 650 14 - • PUNTO DE ACCESO ADICIONAL DE MATERIA - TÉRMINO DE MATERIA | |
| Término de materia o nombre geográfico como elemento inicial | Literatura ecuatoriana |
| Subdivisión cronológica | Siglo XX |
| Fuente del encabezamiento o término | LEMB |
| 650 14 - • PUNTO DE ACCESO ADICIONAL DE MATERIA - TÉRMINO DE MATERIA | |
| Término de materia o nombre geográfico como elemento inicial | Novela juvenil ecuatoriana |
| Subdivisión cronológica | Siglo XX |
| Fuente del encabezamiento o término | LEMB |
| 650 14 - • PUNTO DE ACCESO ADICIONAL DE MATERIA - TÉRMINO DE MATERIA | |
| Término de materia o nombre geográfico como elemento inicial | Soledad en la literatura |
| Fuente del encabezamiento o término | LEMB |
| 942 ## - ENTRADA DE ELEMENTOS AGREGADOS (KOHA) | |
| Fuente de clasificaión o esquema | Dewey Decimal Classification |
| Koha [por defecto] tipo de item | LIbro |
| Perdido | Fuente de clasificación o esquema | Estado Físico | No para préstamo | Forma de adquisición | Localización permanente | Localización actual | Fecha adquisición | Préstamos totales | Renovaciones totales | Signatura completa | Código de barras | Fecha última consulta | Fecha último préstamo | Número de copia | Fecha del precio de reemplazo | Tipo de item de Koha | Localización en estanterías | Número de registro | Prestado |
|---|---|---|---|---|---|---|---|---|---|---|---|---|---|---|---|---|---|---|---|
| Dewey Decimal Classification | Colección General | Biblioteca Pública Cubarral | Biblioteca Pública Cubarral | 09/20/2023 | N MAL4 | CUB02996 | 09/20/2023 | Ej.1 | 09/20/2023 | LIbro | Literatura | ||||||||
| Dewey Decimal Classification | Colección General | Biblioteca Pública Cumaral - Alvaro Garzon Torres | Biblioteca Pública Cumaral - Alvaro Garzon Torres | 07/18/2024 | NMALA | CUM 1097 | 07/18/2024 | Ej.1 | 07/18/2024 | LIbro | Literatura | ||||||||
| Dewey Decimal Classification | Colección General | Biblioteca Pública San Carlos de Guaroa - Eduardo Carranza | Biblioteca Pública San Carlos de Guaroa - Eduardo Carranza | 02/15/2024 | N MAL A | SG01470 | 02/15/2024 | Ej.1 | 02/15/2024 | LIbro | Literatura | ||||||||
| Dewey Decimal Classification | Sala General Segundo Piso | Biblioteca Pública Germán Arciniegas - Villavicencio | Biblioteca Pública Germán Arciniegas - Villavicencio | 08/03/2016 | 2 | 1 | N MALA | 30217 | 09/28/2022 | 04/17/2017 | Ej. 1 | 08/03/2016 | LIbro | ||||||
| Dewey Decimal Classification | Colección General | Biblioteca Pública La Macarena | Biblioteca Pública La Macarena | 01/29/2024 | N MALA | LM00769 | 01/29/2024 | Ej.1 | 01/29/2024 | LIbro | Literatura | ||||||||
| Clasificación Local Facetada | Literatura General | Biblioteca Pública San Juanito - Ernesto Maria Peña Romero | Biblioteca Pública San Juanito - Ernesto Maria Peña Romero | 12/17/2025 | 1 | 2 | N MALA | SJU02472 | 03/11/2026 | 03/11/2026 | Ej.1 | 12/17/2025 | Libro Literatura | Literatura | 04/22/2026 | ||||
| Dewey Decimal Classification | Biblioteca Pública Vistahermosa | Biblioteca Pública Vistahermosa | 06/05/2025 | VIST 0002285 | 06/05/2025 | Ej.1 | 06/05/2025 | LIbro | N MALA |